|
|
|
|
| LEADER |
00000nab a2200000ua 4500 |
| 001 |
vtls010765974 |
| 003 |
SK-MaSNL |
| 005 |
20260304203844.0 |
| 008 |
250718s2002 xo |||||||||||||||||slo| |
| 035 |
|
|
|a (urnnbn)urn:nbn:sk:snk:ar-a02wbg
|
| 035 |
|
|
|a (uuid)b5598dc5-5c5b-41d7-acb1-1a5971be77e4
|
| 035 |
|
|
|a urn:nbn:sk:snk-ab4os6
|
| 040 |
|
|
|a SNKBUCL
|b slo
|c SNKBUCL
|e AACR2
|
| 041 |
0 |
|
|a eng
|
| 044 |
|
|
|a xo
|c SK
|
| 100 |
1 |
|
|a Lovaš, Ladislav,
|d 1949-
|4 aut
|9 38815
|
| 245 |
1 |
0 |
|a SENSITIVITY TO INJUSTICE IN THE CONTEXT OF SOME PERSONALITY TRAITS
|c Ladislav Lovaš, Richard Wolt
|
| 700 |
1 |
|
|a Wolt, Richard
|4 aut
|9 617799
|
| 773 |
0 |
|
|t Studia psychologica : an international journal for research and theory in psychological sciences
|g Roč. 44, č. 2 (2002), s. 125-131
|
| 850 |
|
|
|a Slovenská národná knižnica
|
| 852 |
|
|
|a Slovenská národná knižnica
|
| 958 |
|
|
|a article3
|
| 958 |
|
|
|a OND
|
| 958 |
|
|
|a EUIPO
|
| 999 |
|
|
|c 3112706
|d 3114636
|